000 002160000a22000970004500
100 1 _aSwincer, Graeme
245 1 0 _aAs the father sent me
300 _aNúm 9 (1985), Páginas 24-25
773 0 _tTogether
942 _cANA
999 _c56953
_d56953